Middlesex /

Gespeichert in:
Bibliographische Detailangaben
1. Verfasser: Eugenides, Jeffrey (Verfasst von)
Weitere Verfasser: Bagnoli, Katia
Format: Buch
Sprache:Italienisch
Veröffentlicht: Milano : Mondadori, 2017
Schriftenreihe:Oscar 451
Tags: Tag hinzufügen
Keine Tags, Fügen Sie das erste Tag hinzu!

MARC

LEADER 00000nam a22000007i 4500
001 IT\ICCU\PCM\0004003
003 ItRI
005 20251212235021.0
008 181018s2017 it |||||| ||||| |||||c
020 |a 9788804685326 (rist. 2018) 
040 |b ita  |c COMUNITAS ANCONA 
041 7 |a ita  |2 ISO-639-2 
082 |a 813.54  |2 21 
100 1 |a Eugenides, Jeffrey  |0 IT\ICCU\LO1V\137996  |4 aut 
240 1 0 |a Middlesex  |9 Eugenides, Jeffrey 
245 1 0 |a Middlesex /  |c Jeffrey Eugenides ; traduzione di Katia Bagnoli. 
260 |a Milano :  |b Mondadori,  |c 2017 
300 |a 601 p. ;  |c 20 cm. 
700 1 |a Bagnoli, Katia  |0 IT\ICCU\CFIV\054895 
830 0 |a Oscar 451  |0 IT\ICCU\PAR\1244478 
942 |2 ddc  |c BK 
952 |0 0  |1 0  |2 ddc  |4 0  |6 813_540000000000000_EUG_MID  |7 0  |9 10057  |a AN  |b AN  |d 2025-12-12  |l 0  |o 813.54 EUG MID  |p 11610  |r 2025-12-12 23:51:53  |w 2025-12-12  |y BK 
981 1 |6 z01  |a i   |b xxxe  
982 1 |6 z01  |a n 
999 |c 8384  |d 8384